| 000 | 00360 a2200157 4500 | ||
|---|---|---|---|
| 001 | 70211 | ||
| 020 | _a8516036545 | ||
| 040 | _cAnchieta - Itaigara | ||
| 240 | 1 | 0 |
_aA menina que aprendeu a voar _lpor |
| 245 | 1 | 0 | _aA menina que aprendeu a voar |
| 300 | _a31 | ||
| 362 | 0 | _a2006 | |
| 440 | 1 | _aSalamandra | |
| 650 | 4 | _aLiteratura infanto-juvenil | |
| 942 | _cBK | ||
| 999 |
_c70211 _d70211 |
||